Agreement and accuracy in consensus forecasts of the UK commercial property market (Record no. 81053)

MARC details
000 -LEADER
fixed length control field 01138cab a22002175a 4500
001 - CONTROL NUMBER
control field L146151
008 - FIXED-LENGTH DATA ELEMENTS--GENERAL INFORMATION
fixed length control field 081211s2008 xxkad f s 000 0 eng d
035 ## - SYSTEM CONTROL NUMBER
System control number (Sirsi) u146151
041 0# - LANGUAGE CODE
Language code of text/sound track or separate title eng
100 1# - MAIN ENTRY--PERSONAL NAME
Personal name McAllister, Patrick
245 00 - TITLE STATEMENT
Title Agreement and accuracy in consensus forecasts of the UK commercial property market
260 ## - PUBLICATION, DISTRIBUTION, ETC.
Date of publication, distribution, etc. 2008
490 #0 - SERIES STATEMENT
Series statement Journal of Property Research
Volume/sequential designation 25(1) March 2008, 1-22(22)
520 ## - SUMMARY, ETC.
Summary, etc. Investigates the nature, extent and patterns of disagreement and uncertainty in the forecasts of UK property investors and their advisers. Analyses the Investment Property Forum's consensus forecasts from 1999-2004. Finds that property forecasting organisations tend to exhibit the characteristics of a consensus, potentially indicating a herding bias, and that difficulties forecasting yield shifts area key source of uncertainty. Suggests that there are inefficiencies in property market forecasts.
590 ## - LOCAL NOTE (RLIN)
Local note KA
651 #4 - SUBJECT ADDED ENTRY--GEOGRAPHIC NAME
Geographic name United Kingdom
Chronological subdivision
690 ## - LOCAL SUBJECT ADDED ENTRY--TOPICAL TERM (OCLC, RLIN)
Topical term or geographic name as entry element PROPERTY-INFRASTRUCTURE-INFRASTRUCTURE FINANCE AND INVESTMENT
700 1# - ADDED ENTRY--PERSONAL NAME
Personal name Newell, Graeme
700 1# - ADDED ENTRY--PERSONAL NAME
Personal name Matysiak, George
942 ## - ADDED ENTRY ELEMENTS (KOHA)
Suppress in OPAC 0
Holdings
Withdrawn status Lost status Source of classification or shelving scheme Damaged status Not for loan Home library Current library Shelving location Date acquired Total Checkouts Full call number Barcode Date last seen Copy number Price effective from Koha item type
    Dewey Decimal Classification     London London Journal article 11/12/2008   L146151 146151-1001 06/08/2019 1 06/08/2019 Journal article